Ruchy separatystyczne w Europie - Statystyki

Ogólne statystyki
  • Ten quiz został rozwiązany 113 razy
  • Średni wynik to 11 z 20
Statystyki odpowiedzi
Państwo od którego chcą się uniezależnić Państwo, które ma powstać % Poprawnych
Hiszpania Katalonia
92%
Wielka Brytania Szkocja
87%
Wielka Brytania Walia
84%
Hiszpania, Francja Kraj Basków
81%
Mołdawia Naddniestrze
81%
Niemcy Bawaria
80%
Ukraina Noworosja
65%
Hiszpania Galicja
63%
Włochy Sardynia
58%
Belgia Flandria
57%
Francja Korsyka
57%
Belgia Walonia
54%
Wielka Brytania Wyspa Man
54%
Wielka Brytania Kornwalia
45%
Finlandia Wyspy Alandzkie
38%
Francja Bretonia
32%
Hiszpania Aragonia
26%
Ukraina Karpatorosja
15%
Włochy Padania
15%
Mołdawia Gagauzi
5%
Nie znaleziono quizów pasujących do podanych kryteriów
Rozkład punktacji
Procent ludzi z każdym wynikiem
Percentyl według liczby udzielonych odpowiedzi
Twoja historia wyników
Nie rozwiązałeś tego quizu